[Event "DVM U16 2013"]
[Site "Lingen (Ems) GER"]
[Date "2013.12.29"]
[Round "5"]
[White "Wasielewski, Kim-Luca"]
[Black "Herbrig, Marie-Helen"]
[Result "0-1"]
[Termination "normal"]
[Board "10.2"]
[WhiteElo "1555"]
[BlackElo "1720"]
[WhiteTeam "Heilbronner SV"]
[BlackTeam "SC Einheit Bautzen"]
[WhiteFideId "12979503"]
[BlackFideId "12900427"]
[EventCountry "GER"]
[EventRounds "7"]
[EventType "team-swiss"]
[EventDate "2013.12.26"]

1. e4 c5 2. c3 d5 3. exd5 Qxd5 4. d4 Nf6 5. Nf3 e6 6. Be2 Nc6 7. Be3 cxd4 8.
cxd4 Be7 9. O-O O-O 10. Nc3 Qd8 11. Bc4 Nb4 12. Re1 b6 13. a3 Nbd5 14. Bg5 Bb7
15. Ne5 Rc8 16. Qb3 h6 17. Bxf6 Nxf6 18. Bxe6 fxe6 19. Qxe6+ Kh7 20. Qf5+ Kg8
21. Ng6 Rf7 22. Qe6 Rc7 23. Nb5 Bd5 24. Qe2 Bc4 25. Qe5 Bxb5 26. Qxb5 Qxd4 27.
Rad1 Qc5 28. Qb3 Bd6 29. Qd3 Rcd7 30. Qh3 Qh5 31. Qxh5 Nxh5 32. g3 Kh7 33. Re6
Bc5 34. Rde1 Bxf2+ 35. Kg2 Bxe1 36. Rxe1 Kxg6 37. Re2 Rd5 38. b4 Rfd7 39. Kh3
Nf6 0-1

[Event "DVM U16 2013"]
[Site "Lingen (Ems) GER"]
[Date "2013.12.29"]
[Round "5"]
[White "Izhboldin, Andrey"]
[Black "Gündisch, Stefan"]
[Result "1-0"]
[Termination "normal"]
[Board "10.3"]
[WhiteElo "1533"]
[BlackElo "1301"]
[WhiteTeam "SC Einheit Bautzen"]
[BlackTeam "Heilbronner SV"]
[WhiteFideId "12983136"]
[BlackFideId "12983144"]
[EventCountry "GER"]
[EventRounds "7"]
[EventType "team-swiss"]
[EventDate "2013.12.26"]

1. d4 d5 2. c4 dxc4 3. Nc3 e6 4. e4 Nf6 5. Bxc4 Bb4 6. Bd3 O-O 7. Nge2 b6 8.
O-O Bb7 9. Bg5 Be7 10. Bc2 h6 11. Bc1 Nc6 12. e5 Nd5 13. Qd3 f5 14. exf6 Nxf6
15. Ne4 Bd6 16. Bxh6 Bxh2+ 17. Kh1 Nxe4 18. Qxe4 Qf6 19. Bxg7 Qxg7 20. Qxe6+
Rf7 21. Bg6 Raf8 22. Kxh2 Nd8 23. Bxf7+ Rxf7 24. Qh3 Qg6 25. Qg3 Qxg3+ 26. Nxg3
Ne6 27. Rad1 Nf4 28. f3 Rh7+ 29. Kg1 Rg7 30. Kf2 Ba6 31. Rfe1 Nd3+ 32. Rxd3
Bxd3 33. Ne4 a5 34. Nf6+ Kf8 35. Nd5 Bc4 36. Nc3 Rd7 37. Re4 Kg7 38. b3 Ba6 39.
d5 Bb7 40. Re5 Kf6 41. f4 Rh7 42. Ne4+ Kg6 43. f5+ Kg7 44. Re7+ Kg8 45. Nf6+
1-0

[Event "DVM U16 2013"]
[Site "Lingen (Ems) GER"]
[Date "2013.12.29"]
[Round "5"]
[White "Dudt, Jonas"]
[Black "Arnhold, Steffi"]
[Result "1/2-1/2"]
[Termination "normal"]
[Board "10.4"]
[WhiteElo "1001"]
[BlackElo "1422"]
[WhiteTeam "Heilbronner SV"]
[BlackTeam "SC Einheit Bautzen"]
[WhiteFideId "12983152"]
[BlackFideId "12931365"]
[EventCountry "GER"]
[EventRounds "7"]
[EventType "team-swiss"]
[EventDate "2013.12.26"]

1. d4 Nf6 2. Nf3 e6 3. c4 b6 4. g3 Bb7 5. Bg2 Be7 6. O-O Ne4 7. Nbd2 f5 8. Ne5
d6 9. Nd3 Nd7 10. Nf3 O-O 11. b4 c5 12. b5 Bf6 13. Bb2 Re8 14. Qc2 Qc7 15. Rfd1
cxd4 16. Bxd4 Nec5 17. Rac1 Rac8 18. Bxf6 Nxf6 19. Nd2 Bxg2 20. Kxg2 Ncd7 21.
Nf3 d5 22. Nd2 Qb7 23. Kg1 Rc7 24. Qb3 Rec8 25. f4 Nc5 26. Nxc5 Rxc5 27. Rc2
Qd7 28. Rdc1 dxc4 29. Nxc4 Qxb5 30. Qxb5 Rxb5 31. Nd6 Rxc2 32. Rxc2 Rc5 33. Rd2
Nd5 34. e4 fxe4 35. Nxe4 Rc1+ 36. Kf2 h6 37. h4 Kf7 38. Kf3 Ke7 39. Ke2 Nc3+
40. Kd3 Nxe4 41. Kxe4 Rc8 42. Ke5 Rc3 43. Rg2 b5 44. g4 a5 45. f5 exf5 1/2-1/2

[Event "DVM U16 2013"]
[Site "Lingen (Ems) GER"]
[Date "2013.12.29"]
[Round "6"]
[White "Koop, Thorben"]
[Black "Grigorian, Spartak"]
[Result "0-1"]
[Termination "normal"]
[Board "1.1"]
[WhiteElo "2232"]
[BlackElo "2163"]
[WhiteTeam "SV Lingen"]
[BlackTeam "SK Wildeshausen"]
[WhiteFideId "24661619"]
[BlackFideId "24661490"]
[EventCountry "GER"]
[EventRounds "7"]
[EventType "team-swiss"]
[EventDate "2013.12.26"]

1. Nf3 c5 2. c4 g6 3. g3 Bg7 4. Bg2 Nc6 5. O-O e5 6. Nc3 Nge7 7. d3 d6 8. Ne1
O-O 9. Nc2 Rb8 10. Rb1 Be6 11. Ne3 a6 12. b3 b5 13. Bb2 Qd7 14. Ncd5 Bh3 15. f4
Bxg2 16. Kxg2 f5 17. Qc2 Rfe8 18. Nxe7+ Qxe7 19. Nd5 Qb7 20. Kf2 exf4 21. gxf4
Re6 22. e3 Rbe8 23. Rbe1 bxc4 24. dxc4 Nb4 25. Nxb4 cxb4 26. Re2 Qe7 27. Bxg7
Rxe3 28. Be5 Rxe2+ 29. Qxe2 dxe5 30. fxe5 Qc5+ 31. Kg2 Qxe5 32. Qxe5 Rxe5 33.
Kf3 Kf7 34. Rd1 Ke6 35. Rd8 Ra5 36. Rd2 g5 37. Ke3 Ke5 38. Kf3 f4 39. h4 h6 40.
hxg5 hxg5 41. Rc2 Kd4 42. Rd2+ Kc3 43. Re2 Kd3 44. Re4 Rxa2 45. c5 Kc3 46. c6
Kxb3 47. Rc4 Kxc4 48. c7 g4+ 0-1

[Event "DVM U16 2013"]
[Site "Lingen (Ems) GER"]
[Date "2013.12.29"]
[Round "6"]
[White "Ngo, Minh Duc"]
[Black "Oehne, Timo"]
[Result "0-1"]
[Termination "normal"]
[Board "1.2"]
[WhiteElo "1980"]
[BlackElo "2019"]
[WhiteTeam "SK Wildeshausen"]
[BlackTeam "SV Lingen"]
[WhiteFideId "12942693"]
[BlackFideId "24661635"]
[EventCountry "GER"]
[EventRounds "7"]
[EventType "team-swiss"]
[EventDate "2013.12.26"]

1. e4 g6 2. d4 Bg7 3. Nf3 c6 4. Be3 Nf6 5. Nbd2 O-O 6. h3 d6 7. c4 d5 8. e5 Ne4
9. Nxe4 dxe4 10. Nd2 c5 11. Nxe4 cxd4 12. Qxd4 Qxd4 13. Bxd4 Nc6 14. Bc3 Nxe5
15. Be2 Be6 16. b3 Bf5 17. f4 Bxe4 18. Bxe5 Bxg2 19. Bxg7 Kxg7 20. Rh2 Bc6 21.
O-O-O Rad8 22. Kc2 Rxd1 23. Bxd1 Rd8 24. Be2 Be4+ 25. Kc3 f5 26. h4 Kf6 27. h5
e5 28. hxg6 hxg6 29. fxe5+ Kxe5 30. b4 g5 31. Rh7 Kf4 32. c5 g4 33. Rg7 Bf3 34.
Bc4 g3 35. Bf1 Rd1 36. Bh3 Rh1 37. Bxf5 g2 0-1

[Event "DVM U16 2013"]
[Site "Lingen (Ems) GER"]
[Date "2013.12.29"]
[Round "6"]
[White "Bach, Jannik"]
[Black "Schumann, Steffen"]
[Result "0-1"]
[Termination "normal"]
[Board "1.3"]
[WhiteElo "1869"]
[BlackElo "1814"]
[WhiteTeam "SV Lingen"]
[BlackTeam "SK Wildeshausen"]
[WhiteFideId "24615900"]
[BlackFideId "24686891"]
[EventCountry "GER"]
[EventRounds "7"]
[EventType "team-swiss"]
[EventDate "2013.12.26"]

1. e4 c5 2. Nf3 g6 3. d4 cxd4 4. Nxd4 Nc6 5. Nc3 Bg7 6. Be3 Nf6 7. Bc4 O-O 8.
Bb3 d6 9. h3 Bd7 10. O-O Rc8 11. Re1 Qa5 12. Nf3 b5 13. Bg5 Be6 14. e5 dxe5 15.
Bxe6 fxe6 16. Ne4 Rfd8 17. Qe2 Nd4 18. Nxd4 Rxd4 19. Nxf6+ exf6 20. Be3 Rd5 21.
a3 Qc7 22. Rad1 a6 23. c3 Rcd8 24. Qc2 f5 25. f3 f4 26. Bf2 Qd6 27. Rc1 Rd2 28.
Qb1 Bf8 29. Qe4 Bg7 30. Qb1 Qd3 31. Qa2 Qc4 32. Qxc4 bxc4 33. Re4 Rxb2 34. Rxc4
Rdd2 35. Rf1 Bf8 36. a4 Kf7 37. Rc7+ Kf6 38. h4 Bd6 39. Rc6 Kf5 40. Rc4 Ra2 41.
a5 Rxa5 42. Rb1 Raa2 43. Rb7 Kf6 44. Bb6 a5 45. h5 Rxg2+ 46. Kf1 Be7 47. Bc5
Bxc5 48. Rxc5 Rac2 49. Rb1 Rgf2+ 50. Kg1 Rxf3 51. Rc7 Rg3+ 52. Kf1 Rh3 53. Ke1
Rxh5 54. Rbb7 Kf5 55. Rf7+ Ke4 56. c4 Rh3 57. c5 Rg3 58. Rb4+ Kf3 59. Rb1 e4
60. c6 Rxc6 0-1

[Event "DVM U16 2013"]
[Site "Lingen (Ems) GER"]
[Date "2013.12.29"]
[Round "6"]
[White "Reuker, Jari"]
[Black "Vonhoff, Nils"]
[Result "0-1"]
[Termination "normal"]
[Board "1.4"]
[WhiteElo "1815"]
[BlackElo "1847"]
[WhiteTeam "SK Wildeshausen"]
[BlackTeam "SV Lingen"]
[WhiteFideId "12909300"]
[BlackFideId "24692301"]
[EventCountry "GER"]
[EventRounds "7"]
[EventType "team-swiss"]
[EventDate "2013.12.26"]

1. e4 c5 2. Nf3 d6 3. d4 cxd4 4. Nxd4 Nf6 5. Nc3 Nc6 6. Bg5 e6 7. Qd2 Qb6 8.
Bxf6 gxf6 9. O-O-O a6 10. Kb1 Bd7 11. Nb3 Be7 12. f4 O-O-O 13. Bd3 Kb8 14. Rhe1
Qc7 15. Qf2 Rc8 16. Nd2 Nb4 17. Bf1 Ba4 18. Nb3 Bxb3 19. axb3 Qa5 20. Bd3 Rc6
21. Re2 Rhc8 22. Re3 Bd8 23. Rf3 Bb6 24. Qe1 Ba7 25. Bf1 d5 26. exd5 exd5 27.
Na4 Rxc2 28. Rc3 b5 29. Rxc2 Rxc2 30. Rxd5 Rxb2+ 0-1

[Event "DVM U16 2013"]
[Site "Lingen (Ems) GER"]
[Date "2013.12.29"]
[Round "6"]
[White "Vöge, Tobias"]
[Black "Xu, Xianliang"]
[Result "1/2-1/2"]
[Termination "normal"]
[Board "2.1"]
[WhiteElo "1946"]
[BlackElo "2084"]
[WhiteTeam "Stader SV"]
[BlackTeam "SG Porz"]
[WhiteFideId "1270513"]
[BlackFideId "4603230"]
[EventCountry "GER"]
[EventRounds "7"]
[EventType "team-swiss"]
[EventDate "2013.12.26"]

1. d4 b6 2. Bg5 Bb7 3. e3 g6 4. Nf3 Bg7 5. Be2 d6 6. Nbd2 Nd7 7. O-O Ngf6 8.
Rc1 O-O 9. Ne1 c5 10. Bf3 Qc7 11. c3 Rac8 12. Bxb7 Qxb7 13. Qf3 Qxf3 14. Nexf3
h6 15. Bxf6 Nxf6 16. Rfe1 Rfd8 17. Rcd1 Rc7 18. Kf1 Rcc8 19. Nb3 Nd7 20. Re2
Rc7 21. Nbd2 Nf6 22. Nb3 Nd7 23. Nbd2 Nf6 1/2-1/2

[Event "DVM U16 2013"]
[Site "Lingen (Ems) GER"]
[Date "2013.12.29"]
[Round "6"]
[White "Sabirov, Ramil"]
[Black "Hammann, Jonas"]
[Result "1-0"]
[Termination "normal"]
[Board "2.2"]
[WhiteElo "1908"]
[BlackElo "1756"]
[WhiteTeam "SG Porz"]
[BlackTeam "Stader SV"]
[WhiteFideId "12900303"]
[BlackFideId "12930601"]
[EventCountry "GER"]
[EventRounds "7"]
[EventType "team-swiss"]
[EventDate "2013.12.26"]

1. Nf3 c5 2. b3 Nc6 3. Bb2 d5 4. e3 Bg4 5. Bb5 e6 6. d3 Nf6 7. Nbd2 Be7 8. h3
Bh5 9. Qe2 Qb6 10. Bxc6+ Qxc6 11. g4 Bg6 12. Ne5 Qc7 13. h4 h6 14. f4 Bd6 15.
Ndf3 b5 16. h5 Bh7 17. g5 Bf5 18. gxf6 gxf6 19. e4 Bxe5 20. fxe5 dxe4 21. dxe4
Qa5+ 22. Nd2 Bh7 23. exf6 O-O-O 24. O-O-O Rd7 25. Rhg1 Rhd8 26. Rg7 Bg8 27. Qe3
c4 28. Rgg1 Qc7 29. Nf3 cxb3 30. axb3 1-0

[Event "DVM U16 2013"]
[Site "Lingen (Ems) GER"]
[Date "2013.12.29"]
[Round "6"]
[White "Dittmann, Tobias"]
[Black "Fieberg, Samuel"]
[Result "0-1"]
[Termination "normal"]
[Board "2.3"]
[WhiteElo "1674"]
[BlackElo "1944"]
[WhiteTeam "Stader SV"]
[BlackTeam "SG Porz"]
[WhiteFideId "12964360"]
[BlackFideId "12901717"]
[EventCountry "GER"]
[EventRounds "7"]
[EventType "team-swiss"]
[EventDate "2013.12.26"]

1. e4 c5 2. Nf3 d6 3. Bb5+ Bd7 4. Bxd7+ Qxd7 5. c4 Nf6 6. Nc3 g6 7. O-O Bg7 8.
d4 cxd4 9. Nxd4 O-O 10. f3 Rc8 11. b3 d5 12. exd5 Nxd5 13. Nxd5 e6 14. Ne7+
Qxe7 15. Be3 Rd8 16. Rc1 e5 0-1

[Event "DVM U16 2013"]
[Site "Lingen (Ems) GER"]
[Date "2013.12.29"]
[Round "6"]
[White "Brungs, Sven"]
[Black "Kragge, Jan"]
[Result "1/2-1/2"]
[Termination "normal"]
[Board "2.4"]
[WhiteElo "1885"]
[BlackElo "1681"]
[WhiteTeam "SG Porz"]
[BlackTeam "Stader SV"]
[WhiteFideId "12946257"]
[BlackFideId "12930415"]
[EventCountry "GER"]
[EventRounds "7"]
[EventType "team-swiss"]
[EventDate "2013.12.26"]

1. d4 d5 2. c4 c6 3. e3 Nf6 4. Nc3 dxc4 5. Bxc4 e6 6. Nf3 Be7 7. O-O Nbd7 8. e4
O-O 9. Bf4 c5 10. d5 exd5 11. exd5 Nh5 12. Be3 Nb6 13. Ne5 Nf6 14. Qb3 Bd6 15.
f4 a6 16. a4 Rb8 17. a5 Nbd7 18. Nxd7 Bxd7 19. Bf2 Qc7 20. g3 Rfe8 21. Qc2 Re7
22. Rfe1 Rbe8 23. Rxe7 Rxe7 24. Kg2 Qc8 25. b3 Bh3+ 26. Kg1 Bf5 27. Bd3 Bg6 28.
Be4 Nxe4 29. Nxe4 h6 1/2-1/2

[Event "DVM U16 2013"]
[Site "Lingen (Ems) GER"]
[Date "2013.12.29"]
[Round "6"]
[White "Peczely, Sebastian Zsombor"]
[Black "Spät, Alexander"]
[Result "1-0"]
[Termination "normal"]
[Board "3.1"]
[WhiteElo "2183"]
[BlackElo "1973"]
[WhiteTeam "Schachgemeinschaft Leipzig"]
[BlackTeam "Königsspringer Hamburg"]
[WhiteFideId "750964"]
[BlackFideId "24687693"]
[EventCountry "GER"]
[EventRounds "7"]
[EventType "team-swiss"]
[EventDate "2013.12.26"]

1. e4 e6 2. d4 d5 3. Nc3 Nf6 4. exd5 exd5 5. Bd3 Bd6 6. Bg5 c6 7. Nge2 O-O 8.
Qd2 b6 9. O-O-O a5 10. Ng3 Ba6 11. Bf5 Be7 12. Rde1 Re8 13. Rxe7 Qxe7 14. Nh5
Nbd7 15. Bxd7 Qxd7 16. Bxf6 Qf5 17. Qg5 Qg6 18. Qxg6 fxg6 19. Nxg7 Rf8 20. Be5
Rxf2 21. Ne6 Bc8 22. Nc7 Ra7 23. Re1 Rxg2 24. Bd6 Bf5 25. Re8+ Kg7 26. Re7+ Kh6
27. Ne2 Be4 28. Ng3 Rxc2+ 29. Kd1 Rxb2 30. h4 g5 31. Re6+ Kg7 32. Nh5+ Kg8 33.
Rf6 h6 34. Rf8+ Kh7 35. Be5 Kg6 36. Ng3 Rxc7 37. h5+ 1-0

[Event "DVM U16 2013"]
[Site "Lingen (Ems) GER"]
[Date "2013.12.29"]
[Round "6"]
[White "Pfreundt, Jakob"]
[Black "Kreyssig, Robert"]
[Result "0-1"]
[Termination "normal"]
[Board "3.2"]
[WhiteElo "1906"]
[BlackElo "2070"]
[WhiteTeam "Königsspringer Hamburg"]
[BlackTeam "Schachgemeinschaft Leipzig"]
[WhiteFideId "12918156"]
[BlackFideId "4662881"]
[EventCountry "GER"]
[EventRounds "7"]
[EventType "team-swiss"]
[EventDate "2013.12.26"]

1. d4 Nf6 2. c4 e6 3. Nf3 c5 4. g3 cxd4 5. Nxd4 Bb4+ 6. Bd2 Bc5 7. Nb3 Be7 8.
Bg2 O-O 9. Ba5 Qe8 10. Nc3 Nc6 11. Bc7 d5 12. cxd5 Nxd5 13. Nxd5 exd5 14. O-O
Be6 15. Nd4 Qd7 16. Nxc6 bxc6 17. Be5 c5 18. Rc1 Rac8 19. e3 Rfd8 20. Qd2 Qb5
21. b3 a5 22. Rfd1 a4 23. Bf1 Qd7 24. Bc3 axb3 25. axb3 Qb7 26. Ba5 Rd7 27. Ra1
Rb8 28. Rdb1 Bf6 29. Bc3 d4 30. exd4 cxd4 31. Ba5 Bf5 32. Bd3 Bh3 33. f4 h5 34.
Re1 Re7 35. Rxe7 Qxe7 36. Re1 Qd7 37. b4 h4 38. Bf1 hxg3 39. hxg3 Rc8 40. Bxh3
Qxh3 41. Qg2 Qf5 42. Bb6 d3 43. Be3 Bc3 44. Rd1 Bxb4 45. Qf3 Bc5 46. Bxc5 Qxc5+
47. Kf1 Rd8 48. Rd2 Qd4 49. Kg2 f5 50. Qd1 Qe3 51. Qb3+ Kh7 52. Qd1 Kg6 53. Kh3
Rh8+ 54. Kg2 Qe4+ 0-1

[Event "DVM U16 2013"]
[Site "Lingen (Ems) GER"]
[Date "2013.12.29"]
[Round "6"]
[White "Kreyssig, Bruno"]
[Black "Lemke, Berfin"]
[Result "1-0"]
[Termination "normal"]
[Board "3.3"]
[WhiteElo "1837"]
[BlackElo "1609"]
[WhiteTeam "Schachgemeinschaft Leipzig"]
[BlackTeam "Königsspringer Hamburg"]
[WhiteFideId "4692489"]
[BlackFideId "1270578"]
[EventCountry "GER"]
[EventRounds "7"]
[EventType "team-swiss"]
[EventDate "2013.12.26"]

1. e4 c5 2. Nf3 d6 3. d4 cxd4 4. Nxd4 Nf6 5. Nc3 a6 6. Be3 Ng4 7. Bg5 h6 8. Bh4
g5 9. Bg3 Bg7 10. h3 Ne5 11. f3 Nbc6 12. Bf2 Nxd4 13. Bxd4 Be6 14. Qd2 Qa5 15.
a3 Rc8 16. Be2 Bf6 17. g3 Rg8 18. O-O-O Nd7 19. f4 Bxd4 20. Qxd4 Qc5 21. Qd2
gxf4 22. gxf4 Rg2 23. Qd3 Nf6 24. Kb1 Bc4 25. Qxc4 Qxc4 26. Bxc4 Rxc4 27. e5
dxe5 28. fxe5 Ne4 29. Nxe4 Rxe4 30. Rd5 Rge2 31. Rhd1 f6 32. exf6 exf6 33. Rd8+
Kf7 34. Rb8 Re7 35. Rd6 Rh2 36. Rb6 Rxh3 37. R8xb7 Rh1+ 38. Ka2 Rh2 39. c4 a5
40. c5 Rc2 41. c6 a4 42. Ra6 Kf8 43. Raa7 Re1 44. c7 Ra1+ 45. Kxa1 Rc1+ 46. Ka2
1-0

[Event "DVM U16 2013"]
[Site "Lingen (Ems) GER"]
[Date "2013.12.29"]
[Round "6"]
[White "Pfreundt, Mathis"]
[Black "Waschischeck, Tom"]
[Result "1-0"]
[Termination "normal"]
[Board "3.4"]
[WhiteElo "1622"]
[BlackElo "1718"]
[WhiteTeam "Königsspringer Hamburg"]
[BlackTeam "Schachgemeinschaft Leipzig"]
[WhiteFideId "12967092"]
[BlackFideId "12931780"]
[EventCountry "GER"]
[EventRounds "7"]
[EventType "team-swiss"]
[EventDate "2013.12.26"]

1. e4 c5 2. Nc3 Nc6 3. g3 g6 4. Bg2 Bg7 5. d3 e6 6. Be3 d6 7. Qd2 Nge7 8. Bh6
O-O 9. h4 f5 10. h5 Rf7 11. hxg6 hxg6 12. Bxg7 Rxg7 13. Qh6 Kf7 14. Nf3 Ng8 15.
Ng5+ Kf8 16. Nh7+ Kf7 17. Ng5+ Kf8 18. Qh4 Qe7 19. Nh7+ Kf7 20. Ng5+ Kf8 21.
O-O-O Nd4 22. f4 Rb8 23. Nb1 Qc7 24. c3 Nc6 25. exf5 exf5 26. Nh7+ Kf7 27. Bd5+
Be6 28. Ng5+ Ke8 29. Nxe6 1-0

[Event "DVM U16 2013"]
[Site "Lingen (Ems) GER"]
[Date "2013.12.29"]
[Round "6"]
[White "Riehle, Marco"]
[Black "Flüchter, Gregor"]
[Result "1-0"]
[Termination "normal"]
[Board "4.1"]
[WhiteElo "1876"]
[BlackElo "2041"]
[WhiteTeam "SF Sasbach"]
[BlackTeam "SF Dortmund-Brackel 1930"]
[WhiteFideId "12904392"]
[BlackFideId "12903396"]
[EventCountry "GER"]
[EventRounds "7"]
[EventType "team-swiss"]
[EventDate "2013.12.26"]

1. e4 c5 2. Nf3 d6 3. d4 cxd4 4. Nxd4 Nf6 5. f3 e5 6. Nb3 Be7 7. c4 O-O 8. Be3
a5 9. Na3 a4 10. Nd2 Nc6 11. Be2 Be6 12. O-O Nd7 13. Ndb1 Nc5 14. Nc3 Qa5 15.
Qd2 f5 16. Rfd1 f4 17. Bf2 Rfd8 18. Rac1 Bf7 19. Nab5 b6 20. Nd5 Qxd2 21. Nxe7+
Nxe7 22. Rxd2 Nc8 23. Rcd1 Nb7 24. g3 g5 25. gxf4 gxf4 26. Kg2 Rb8 27. b4 axb3
28. axb3 Ra8 29. Kg1 Kg7 30. Bf1 Na5 31. Rd3 Nxc4 32. bxc4 Bxc4 33. R3d2 Bxf1
34. Kxf1 Ra5 35. Nxd6 Rxd6 36. Rxd6 Nxd6 37. Rxd6 Ra3 38. Kg2 b5 39. Rd5 b4 40.
Rxe5 b3 41. Rb5 Kf7 42. Kh3 b2 43. Kg4 h5+ 44. Kxf4 Ra2 45. Bd4 b1=Q 46. Rxb1
Rxh2 47. Rb7+ Ke6 48. Rb6+ Ke7 49. Ke5 h4 50. Rb7+ Kd8 51. Ke6 Ra2 52. Rb8+ Kc7
53. Be5+ Kc6 54. Rh8 Ra3 55. f4 h3 56. f5 Ra4 57. Rxh3 Rxe4 58. f6 Re2 59. Rf3
1-0

[Event "DVM U16 2013"]
[Site "Lingen (Ems) GER"]
[Date "2013.12.29"]
[Round "6"]
[White "Birnkraut, Tim"]
[Black "Ehmann, Thilo"]
[Result "1-0"]
[Termination "normal"]
[Board "4.2"]
[WhiteElo "1804"]
[BlackElo "1921"]
[WhiteTeam "SF Dortmund-Brackel 1930"]
[BlackTeam "SF Sasbach"]
[WhiteFideId "24609587"]
[BlackFideId "12940968"]
[EventCountry "GER"]
[EventRounds "7"]
[EventType "team-swiss"]
[EventDate "2013.12.26"]

1. e4 e5 2. Nf3 Nc6 3. Bc4 Bc5 4. c3 Nf6 5. d4 exd4 6. cxd4 Bb4+ 7. Bd2 Bxd2+
8. Nbxd2 d5 9. exd5 Nxd5 10. Qb3 Nce7 11. O-O O-O 12. Rfe1 c6 13. a4 Qb6 14. a5
Qc7 15. Ne4 Bf5 16. Ng3 Be6 17. Ng5 Qf4 18. Nf3 Rab8 19. Re4 Qc7 20. Ng5 Bc8
21. Rae1 h6 22. Nf3 Be6 23. Qa3 Nf4 24. Bxe6 Nxe6 25. Re5 Nd5 26. Rc1 Rbd8 27.
Ree1 Ndf4 28. Rcd1 Rd5 29. b4 Rfd8 30. Qa1 Ng5 31. Qc3 Nfe6 32. Ne2 Nxf3+ 33.
Qxf3 Qd6 34. Qc3 Nxd4 35. Nxd4 Rxd4 36. Rxd4 Qxd4 37. Qxd4 Rxd4 38. Rb1 a6 39.
g3 Rd5 40. Re1 Rd4 41. Rb1 Kf8 42. Kg2 Ke7 43. Kf3 Kd7 44. Ke3 Rd5 45. Rc1 Kc7
46. Rc4 b6 47. axb6+ Kxb6 48. h4 c5 49. bxc5+ Rxc5 50. Rg4 g6 51. Rb4+ Kc7 52.
Rf4 f5 53. Ra4 a5 54. Kd4 Kb6 55. f3 Kb5 56. Rxa5+ Kxa5 57. Kxc5 g5 58. hxg5
hxg5 59. Kd5 f4 60. gxf4 gxf4 61. Ke4 Kb6 62. Kxf4 Kc6 63. Ke5 Kd7 64. Kf6 Ke8
65. f4 1-0

[Event "DVM U16 2013"]
[Site "Lingen (Ems) GER"]
[Date "2013.12.29"]
[Round "6"]
[White "Bohnert, Dominik"]
[Black "van Klev, Fabian"]
[Result "1/2-1/2"]
[Termination "normal"]
[Board "4.3"]
[WhiteElo "1936"]
[BlackElo "1748"]
[WhiteTeam "SF Sasbach"]
[BlackTeam "SF Dortmund-Brackel 1930"]
[WhiteFideId "12918075"]
[BlackFideId "12964255"]
[EventCountry "GER"]
[EventRounds "7"]
[EventType "team-swiss"]
[EventDate "2013.12.26"]

1. e4 d6 2. Bc4 Nf6 3. d3 g6 4. Nc3 Bg7 5. f4 c6 6. Nf3 d5 7. exd5 cxd5 8. Bb5+
Nc6 9. Bxc6+ bxc6 10. O-O O-O 11. d4 Bg4 12. Ne2 Bxf3 13. Rxf3 Ne4 14. f5 Qb6
15. c3 e5 16. fxe6 fxe6 17. Rxf8+ Rxf8 18. Qc2 c5 19. Be3 cxd4 20. cxd4 Nd6 21.
b3 Rc8 22. Qd2 Nf5 23. Rc1 Rxc1+ 24. Qxc1 Nxe3 25. Qxe3 e5 26. Qf3 e4 27. Qe3
a5 28. Qc3 h5 29. Qc5 Qxc5 30. dxc5 Kf7 31. Nf4 d4 32. c6 Ke7 33. c7 Kd7 34.
Ne6 Be5 35. Nc5+ Kxc7 36. Nxe4 Kc6 37. Kf2 Kb5 38. h3 Kb4 39. Ke2 Ka3 40. Kd3
Kxa2 41. Nd2 Bf6 42. Nc4 Kxb3 43. Nxa5+ Kb4 44. Nc4 Kc5 45. Nd2 Kd5 46. Nf3 g5
47. g3 g4 48. hxg4 hxg4 49. Nh2 Be5 50. Nxg4 Bxg3 51. Nh6 Be5 1/2-1/2

[Event "DVM U16 2013"]
[Site "Lingen (Ems) GER"]
[Date "2013.12.29"]
[Round "6"]
[White "Wastian, Jan"]
[Black "Zimmer, Raphael"]
[Result "1/2-1/2"]
[Termination "normal"]
[Board "4.4"]
[WhiteElo "1630"]
[BlackElo "1625"]
[WhiteTeam "SF Dortmund-Brackel 1930"]
[BlackTeam "SF Sasbach"]
[WhiteFideId "12911640"]
[BlackFideId "12978841"]
[EventCountry "GER"]
[EventRounds "7"]
[EventType "team-swiss"]
[EventDate "2013.12.26"]

1. e4 e5 2. Nf3 Nc6 3. Bb5 a6 4. Ba4 Nf6 5. d3 b5 6. Bb3 Be7 7. O-O O-O 8. a4
b4 9. c3 a5 10. Nbd2 d5 11. Re1 dxe4 12. dxe4 Bc5 13. h3 Qe7 14. Qc2 Be6 15.
Nf1 h6 16. Ng3 Rad8 17. Be3 Bxe3 18. Rxe3 Bxb3 19. Qxb3 g6 20. Rd1 Rxd1+ 21.
Qxd1 Rd8 22. Rd3 Rxd3 23. Qxd3 Qd6 24. Qd2 Qxd2 25. Nxd2 Nd7 26. cxb4 Nxb4 27.
b3 Nc5 28. Ne2 f6 29. Nc1 Nc6 30. Ne2 Nb4 31. Nc1 Nc6 32. Ne2 Kf7 33. f3 h5 34.
h4 Nd4 35. Nxd4 exd4 36. Kf2 Ke6 37. f4 Nd3+ 38. Kg3 Nc1 39. Kf3 Nd3 40. Nc4
Ne1+ 41. Kf2 Nd3+ 1/2-1/2

[Event "DVM U16 2013"]
[Site "Lingen (Ems) GER"]
[Date "2013.12.29"]
[Round "6"]
[White "Oberhofer, Cédric"]
[Black "Schulz, Lukas"]
[Result "1/2-1/2"]
[Termination "normal"]
[Board "5.1"]
[WhiteElo "1911"]
[BlackElo "1923"]
[WhiteTeam "SC Bavaria Regensburg"]
[BlackTeam "SC Höchstadt"]
[WhiteFideId "12941220"]
[BlackFideId "12924881"]
[EventCountry "GER"]
[EventRounds "7"]
[EventType "team-swiss"]
[EventDate "2013.12.26"]

1. e4 d5 2. exd5 Nf6 3. d4 Nxd5 4. Nf3 Bf5 5. Bd3 Bxd3 6. Qxd3 Nc6 7. c4 Ndb4
8. Qb3 e5 9. dxe5 Qd3 10. Qxd3 Nxd3+ 11. Ke2 O-O-O 12. Rd1 Ncxe5 13. Nxe5 Nxe5
14. Rxd8+ Kxd8 15. b3 Bc5 16. Be3 Bxe3 17. fxe3 Re8 18. Nd2 Ng4 19. Nf1 c6 20.
Rd1+ Kc7 21. Rd4 f5 22. h3 Nf6 23. Rf4 Re5 24. g4 fxg4 25. hxg4 Kd7 1/2-1/2

[Event "DVM U16 2013"]
[Site "Lingen (Ems) GER"]
[Date "2013.12.29"]
[Round "6"]
[White "Koch, Christian"]
[Black "Dechant, Georg"]
[Result "1-0"]
[Termination "normal"]
[Board "5.2"]
[WhiteElo "1834"]
[BlackElo "1689"]
[WhiteTeam "SC Höchstadt"]
[BlackTeam "SC Bavaria Regensburg"]
[WhiteFideId "1272124"]
[BlackFideId "12956716"]
[EventCountry "GER"]
[EventRounds "7"]
[EventType "team-swiss"]
[EventDate "2013.12.26"]

1. e4 c5 2. Nf3 Nc6 3. d4 cxd4 4. Nxd4 Qc7 5. Nc3 e6 6. g3 a6 7. Bg2 Nf6 8. O-O
Bb4 9. Nde2 O-O 10. Bf4 Qb6 11. Bd6 Bxd6 12. Qxd6 Qb4 13. Qxb4 Nxb4 14. a3 Nc6
15. Rad1 Rd8 16. f4 d6 17. e5 Ne8 18. Bxc6 bxc6 19. Ne4 d5 20. Nc5 a5 21. Nd4
Ba6 22. Nxc6 Bxf1 23. Kxf1 Rdc8 24. Ne7+ Kf8 25. Nxc8 Rxc8 26. b4 Rc6 27. Ke2
Nc7 28. Kd3 Nb5 29. Ra1 Nc7 30. c4 Ke7 31. Kd4 dxc4 32. Kxc4 axb4 33. axb4 Nd5
34. Ra7+ Ke8 35. Rb7 Ne3+ 36. Kb5 Rc8 37. Ne4 Nf5 38. Nd6+ Nxd6+ 39. exd6 Rc2
40. Rc7 Rxh2 41. Kc6 Rc2+ 42. Kb6 Rd2 43. Rc6 Kd7 44. b5 Ra2 45. Rc7+ Kxd6 46.
Rxf7 g6 47. Rxh7 Ra3 48. g4 Ra8 49. Rf7 Rb8+ 50. Ka6 Kc5 51. Rc7+ Kd6 52. b6
Rf8 53. Rc4 Kd5 54. Rc1 Kd6 55. b7 1-0